| 000 | 00836nam a22002177a 4500 | ||
|---|---|---|---|
| 999 |
_c20311 _d20311 |
||
| 003 | AR-CdUCM | ||
| 008 | 190528b ||||| |||| 00| 0 spa d | ||
| 040 |
_aMUNICIPALIDAD PROVINCIAL DEL CUSCO _cBIBLIOTECA MUNICIPAL DEL CUSCO |
||
| 082 |
_a618.2 / _bJ72 |
||
| 100 |
_aJones, Anita M. _942459 |
||
| 245 |
_aCurso para parteras : _bmanual para su organización y funcionamiento / |
||
| 260 |
_aMéxico : _bCentro regional de ayuda técnica, _c1963. |
||
| 300 |
_a152 páginas ; _bIlustraciones, _c24 cm. |
||
| 505 | _aContenido: La partera y sus servicios a la madre -- Inspección del equipo estándar de parteras -- Periodo prenatal... | ||
| 650 |
_aParteras _942460 |
||
| 650 |
_aPartos _942461 |
||
| 650 |
_aMedicina _93637 |
||
| 700 |
_aLenroot, Katharine F. (prologo) _942462 |
||
| 942 |
_2ddc _cLIBROS |
||
| 945 |
_adavv _d2019-05-28 |
||